[Event "GBR-ch90"]
[Site "Edinburgh"]
[Date "2003.08.01"]
[Round "11.11"]
[White "Sattar, Reefat Bin"]
[Black "Howell, David W"]
[Result "0-1"]
[WhiteElo "2475"]
[BlackElo "2323"]
[PlyCount "50"]
[EventDate "2003.07.21"]
[EventType "swiss"]
[EventRounds "11"]
[EventCountry "GBR"]
[SourceTitle "BritBase"]
[Source "John Saunders"]
[SourceDate "2008.07.14"]
[SourceVersion "1"]
[SourceVersionDate "2008.07.14"]
[SourceQuality "2"]

1. e4 e5 2. Nf3 Nc6 3. Bb5 a6 4. Bxc6 dxc6 5. O-O Bd6 6. d4 exd4 7. Qxd4 f6 8.
Be3 Be6 9. Nbd2 Ne7 10. Qc3 O-O 11. Nd4 Bf7 12. Rad1 Qd7 13. f4 f5 14. e5 Nd5
15. Qd3 Nxe3 16. Qxe3 Bc5 17. N2b3 Bb6 18. Kh1 Bc4 19. Rfe1 Rad8 20. h3 Kh8 21.
Qc1 a5 22. Nf3 Qe7 23. Nbd2 Be6 24. c4 Bf2 25. Re2 Bg3 0-1

[Event "GBR-ch90"]
[Site "Edinburgh"]
[Date "2003.08.01"]
[Round "11.12"]
[White "Sowray, Peter J"]
[Black "Neelotpal, Das"]
[Result "1-0"]
[WhiteElo "2346"]
[BlackElo "2462"]
[PlyCount "149"]
[EventDate "2003.07.21"]
[EventType "swiss"]
[EventRounds "11"]
[EventCountry "GBR"]
[SourceTitle "BritBase"]
[Source "John Saunders"]
[SourceDate "2008.07.14"]
[SourceVersion "1"]
[SourceVersionDate "2008.07.14"]
[SourceQuality "2"]

1. c4 e5 2. Nc3 Nf6 3. Nf3 Nc6 4. g3 d5 5. cxd5 Nxd5 6. Bg2 Nb6 7. O-O Be7 8.
a3 a5 9. d3 O-O 10. Be3 Bg4 11. Bxb6 cxb6 12. Rc1 Rc8 13. Re1 Re8 14. Qa4 Be6
15. Qb5 Bc5 16. Ne4 Bf8 17. Rc3 f6 18. Rec1 Na7 19. Rxc8 Nxc8 20. d4 Na7 21.
Qd3 Nc6 22. e3 exd4 23. Nxd4 Nxd4 24. exd4 Qd7 25. Nc3 Rd8 26. d5 Bf5 27. Be4
Bxe4 28. Qxe4 b5 29. Rd1 b4 30. axb4 axb4 31. Ne2 Re8 {(=)} 32. Qd3 Bd6 33. b3
Qf7 34. Qf3 Be5 35. Nf4 Bxf4 36. Qxf4 Rd8 37. Qd4 Rd6 38. Qc5 Qd7 39. Qxb4 Kf7
40. Qe4 h5 41. Kg2 Qb5 42. Qf3 g6 43. Rd3 Qd7 44. Qe4 Qb5 45. h3 Qd7 46. g4 h4
47. Qf4 Kg7 48. g5 f5 49. Qxh4 Qe7 50. Qd4+ Kg8 51. h4 Qe2 52. Re3 Qb5 53. Rd3
Kh7 54. Qe3 Qd7 55. Qe5 f4 56. Qxf4 Rxd5 57. Rxd5 Qxd5+ 58. Qf3 Qd7 59. h5 gxh5
60. Qxh5+ Kg7 61. Qf3 Qb5 62. Qf6+ Kg8 63. Qe6+ Kg7 64. Kg3 Qd3+ 65. f3 b6 66.
g6 Kh6 67. Qf7 Qf1 68. g7 Qg1+ 69. Kf4 Qc1+ 70. Ke5 Qc5+ 71. Qd5 Qc3+ 72. Kd6
Qb4+ 73. Kc6 Kxg7 74. Qd7+ Kh8 75. Qh3+ 1-0

[Event "GBR-ch90"]
[Site "Edinburgh"]
[Date "2003.08.01"]
[Round "11.14"]
[White "Rendle, Thomas"]
[Black "Barua, Dibyendu"]
[Result "1/2-1/2"]
[WhiteElo "2240"]
[BlackElo "2561"]
[PlyCount "70"]
[EventDate "2003.07.21"]
[EventType "swiss"]
[EventRounds "11"]
[EventCountry "GBR"]
[SourceTitle "BritBase"]
[Source "John Saunders"]
[SourceDate "2008.07.14"]
[SourceVersion "1"]
[SourceVersionDate "2008.07.14"]
[SourceQuality "2"]

1. e4 e6 2. d4 d5 3. e5 c5 4. c3 Nc6 5. Nf3 Qb6 6. Be2 Nh6 7. Bxh6 gxh6 8. Qd2
Bg7 9. O-O O-O 10. Na3 cxd4 11. cxd4 Bd7 12. Nc2 a5 13. Ne3 f5 14. exf6 Rxf6
15. Ng4 Rxf3 16. Bxf3 Qxd4 17. Nxh6+ Kf8 18. Qg5 Qe5 19. h4 a4 20. Rab1 Nd4 21.
Bh5 Qxg5 22. hxg5 Ke7 23. f4 Bxh6 24. gxh6 Nf5 25. Kf2 Rf8 26. Bf3 Kd6 27. Rbe1
Nxh6 28. Rh1 Ng8 29. g3 h6 30. Rh5 Rf6 31. Reh1 Be8 32. R5h4 Ke7 33. Rc1 Bc6
34. Rh3 Kd6 35. Rch1 Be8 1/2-1/2

[Event "GBR-ch90"]
[Site "Edinburgh"]
[Date "2003.08.01"]
[Round "11.15"]
[White "Webb, Laurence"]
[Black "Sundararajan, Kidambi"]
[Result "1/2-1/2"]
[WhiteElo "2325"]
[BlackElo "2442"]
[PlyCount "52"]
[EventDate "2003.07.21"]
[EventType "swiss"]
[EventRounds "11"]
[EventCountry "GBR"]
[SourceTitle "BritBase"]
[Source "John Saunders"]
[SourceDate "2008.07.14"]
[SourceVersion "1"]
[SourceVersionDate "2008.07.14"]
[SourceQuality "2"]

1. e4 c6 2. d4 d5 3. exd5 cxd5 4. c4 Nf6 5. Nc3 e6 6. Nf3 Bb4 7. Bg5 Qa5 8. Bd2
Ne4 9. Nxe4 dxe4 10. Bxb4 Qxb4+ 11. Qd2 Nc6 12. d5 exd5 13. cxd5 exf3 14. dxc6
Qxd2+ 15. Kxd2 O-O 16. gxf3 Rd8+ 17. Kc3 Rd6 18. Bb5 bxc6 19. Rad1 Rxd1 20.
Rxd1 Be6 21. Bc4 Bxc4 22. Kxc4 g6 23. Rd6 Re8 24. Kd3 c5 25. b3 Re5 26. Rc6
Rd5+ 1/2-1/2

[Event "GBR-ch90"]
[Site "Edinburgh"]
[Date "2003.08.01"]
[Round "11.16"]
[White "Buckley, Simon T"]
[Black "McNab, Colin Anderson"]
[Result "1/2-1/2"]
[WhiteElo "2267"]
[BlackElo "2395"]
[PlyCount "26"]
[EventDate "2003.07.21"]
[EventType "swiss"]
[EventRounds "11"]
[EventCountry "GBR"]
[SourceTitle "BritBase"]
[Source "John Saunders"]
[SourceDate "2008.07.14"]
[SourceVersion "1"]
[SourceVersionDate "2008.07.14"]
[SourceQuality "2"]

1. e4 g6 2. d4 d6 3. Nc3 Bg7 4. Be3 Nf6 5. Qd2 c6 6. Nf3 Qa5 7. h3 Na6 8. Be2
b5 9. e5 b4 10. exf6 bxc3 11. fxg7 cxd2+ 12. Bxd2 Qxd2+ 13. Nxd2 Rg8 1/2-1/2

[Event "GBR-ch90"]
[Site "Edinburgh"]
[Date "2003.08.01"]
[Round "11.17"]
[White "Hanley, Craig A"]
[Black "Mohota, Nisha"]
[Result "1/2-1/2"]
[WhiteElo "2387"]
[BlackElo "2321"]
[PlyCount "45"]
[EventDate "2003.07.21"]
[EventType "swiss"]
[EventRounds "11"]
[EventCountry "GBR"]
[SourceTitle "BritBase"]
[Source "John Saunders"]
[SourceDate "2008.07.14"]
[SourceVersion "1"]
[SourceVersionDate "2008.07.14"]
[SourceQuality "2"]

1. e4 c5 2. c3 d5 3. exd5 Qxd5 4. d4 Nf6 5. Nf3 e6 6. Be3 cxd4 7. cxd4 Nc6 8.
Nc3 Qd6 9. a3 Be7 10. Bd3 O-O 11. Qc2 h6 12. O-O b6 13. Rad1 Bb7 14. Rfe1 Rac8
15. Qe2 Rfd8 16. Bb1 Bf8 17. Bc1 g6 18. Ba2 a6 19. h3 Bg7 20. d5 exd5 21. Nxd5
Nxd5 22. Rxd5 Qf6 23. Rxd8+ 1/2-1/2

[Event "GBR-ch90"]
[Site "Edinburgh"]
[Date "2003.08.01"]
[Round "11.18"]
[White "Longson, Alexander"]
[Black "McDonald, Neil R"]
[Result "1/2-1/2"]
[WhiteElo "2225"]
[BlackElo "2384"]
[PlyCount "39"]
[EventDate "2003.07.21"]
[EventType "swiss"]
[EventRounds "11"]
[EventCountry "GBR"]
[SourceTitle "BritBase"]
[Source "John Saunders"]
[SourceDate "2008.07.14"]
[SourceVersion "1"]
[SourceVersionDate "2008.07.14"]
[SourceQuality "2"]

1. e4 e6 2. d4 d5 3. Nc3 Bb4 4. e5 Ne7 5. a3 Bxc3+ 6. bxc3 c5 7. Qg4 O-O 8. Bd3
Qa5 9. Bd2 Nbc6 10. Nf3 f5 11. Qf4 Qa4 12. dxc5 Qxf4 13. Bxf4 Ng6 14. Be3 Ncxe5
15. Nxe5 Nxe5 16. f4 Ng4 17. Bd4 Bd7 18. Rb1 Bc6 19. Kd2 Nf6 20. Rhg1 1/2-1/2

[Event "GBR-ch90"]
[Site "Edinburgh"]
[Date "2003.08.01"]
[Round "11.19"]
[White "Ansell, Simon T"]
[Black "Greet, Andrew"]
[Result "0-1"]
[WhiteElo "2379"]
[BlackElo "2297"]
[PlyCount "54"]
[EventDate "2003.07.21"]
[EventType "swiss"]
[EventRounds "11"]
[EventCountry "GBR"]
[SourceTitle "BritBase"]
[Source "John Saunders"]
[SourceDate "2008.07.14"]
[SourceVersion "1"]
[SourceVersionDate "2008.07.14"]
[SourceQuality "2"]

1. e4 c5 2. Nf3 Nc6 3. Bb5 g6 4. O-O Bg7 5. Nc3 d6 6. e5 dxe5 7. Bxc6+ bxc6 8.
Re1 f6 9. b3 Nh6 10. Ba3 Nf7 11. Bxc5 f5 12. d4 e4 13. Nd2 Ng5 14. Qe2 Ne6 15.
Rad1 Nxc5 16. dxc5 Qa5 17. Ncxe4 fxe4 18. Qxe4 Qc7 19. Nc4 Bf5 20. Nd6+ Qxd6
21. cxd6 Bxe4 22. Rxe4 Bf6 23. dxe7 Rc8 24. Rb4 Rc7 25. Re1 Kf7 26. g4 Re8 27.
Ree4 Rexe7 0-1

[Event "GBR-ch90"]
[Site "Edinburgh"]
[Date "2003.08.01"]
[Round "11.21"]
[White "Gwaze, Robert"]
[Black "Singh, Gurpreetpal"]
[Result "0-1"]
[WhiteElo "2335"]
[BlackElo "2293"]
[PlyCount "96"]
[EventDate "2003.07.21"]
[EventType "swiss"]
[EventRounds "11"]
[EventCountry "GBR"]
[SourceTitle "BritBase"]
[Source "John Saunders"]
[SourceDate "2008.07.14"]
[SourceVersion "1"]
[SourceVersionDate "2008.07.14"]
[SourceQuality "2"]

1. e4 e6 2. d4 d5 3. e5 c5 4. c3 Qb6 5. Nf3 Nc6 6. Be2 cxd4 7. cxd4 Nh6 8. b3
Nf5 9. Bb2 Bb4+ 10. Kf1 O-O 11. g4 Nh6 12. h3 f6 13. exf6 Rxf6 14. g5 Rxf3 15.
Bxf3 Nf5 16. Nc3 Ncxd4 17. Na4 Qa6+ 18. Be2 Nxe2 19. Qxe2 Qa5 20. a3 Be7 21.
Bc3 Qd8 22. g6 hxg6 23. Be5 Bd7 24. Kg2 Bc6 25. Rhg1 d4+ 26. Kh2 Nh4 27. Rg3
Qd5 28. f4 Nf3+ 29. Rxf3 Qxf3 30. Qxf3 Bxf3 31. Bxd4 b6 32. Kg3 Bd5 33. b4 Rd8
34. Nb2 Bb3 35. Bc3 Rc8 36. Rc1 g5 37. Nd3 Bd6 38. Bd2 gxf4+ 39. Bxf4 Rxc1 40.
Nxc1 Bxf4+ 41. Kxf4 Bc4 42. a4 a6 43. h4 b5 44. a5 Kf7 45. Ke4 Ke7 46. Kd4 Kd6
47. Ke4 e5 48. Kf5 Kd5 0-1

[Event "GBR-ch90"]
[Site "Edinburgh"]
[Date "2003.08.01"]
[Round "11.22"]
[White "Shaw, John Kerr"]
[Black "Rudd, Jack"]
[Result "1-0"]
[WhiteElo "2480"]
[BlackElo "2219"]
[PlyCount "147"]
[EventDate "2003.07.21"]
[EventType "swiss"]
[EventRounds "11"]
[EventCountry "GBR"]
[SourceTitle "BritBase"]
[Source "John Saunders"]
[SourceDate "2008.07.14"]
[SourceVersion "1"]
[SourceVersionDate "2008.07.14"]
[SourceQuality "2"]

1. e4 e5 2. Nf3 Nc6 3. Bb5 a6 4. Bxc6 dxc6 5. O-O f6 6. d4 Bg4 7. dxe5 Qxd1 8.
Rxd1 Bxf3 9. gxf3 fxe5 10. Be3 Bd6 11. Nd2 Ne7 12. Nc4 O-O-O 13. Rd3 Ng6 14.
Bg5 Rdf8 15. Nxd6+ cxd6 16. Rxd6 Rxf3 17. Rad1 Nf4 18. Bh4 g5 19. Bg3 Rf8 20.
R1d2 h5 21. Bxf4 R3xf4 22. Rg6 Rg4+ 23. Kf1 h4 24. h3 Rg3 25. Rd3 Kc7 26. Rg7+
Kb6 27. Rb3+ Kc5 28. Rgxb7 Rf4 29. Rd3 Rxd3 30. cxd3 g4 31. hxg4 Rxg4 32. Rh7
Kd4 33. Ke2 Rg1 34. Rxh4 Rb1 35. Rh6 Rxb2+ 36. Kf3 Rxa2 37. Rd6+ Kc5 38. Re6
Kd4 39. Rxc6 Kxd3 40. Rd6+ Kc4 41. Rd5 Ra3+ 42. Kg4 Ra2 43. Kg3 a5 44. Rxe5 Kd4
45. f4 a4 46. Kg4 Ke3 47. f5 Rg2+ 48. Kh5 a3 49. f6 a2 50. Ra5 Kxe4 51. f7 Rf2
52. Kg6 Kd4 53. Rxa2 Rxa2 54. f8=Q Rg2+ 55. Kh5 Ke3 56. Kh4 Rf2 57. Qa3+ Ke4
58. Kg3 Rd2 59. Qf3+ Kd4 60. Kf4 Kc4 61. Qc6+ Kd3 62. Qe4+ Kc3 63. Ke3 Rc2 64.
Qd4+ Kb3 65. Kd3 Rb2 66. Qa7 Kb4 67. Qa6 Kb3 68. Qa5 Rb1 69. Qb5+ Ka2 70. Qa4+
Kb2 71. Kd2 Ra1 72. Qb4+ Ka2 73. Kc2 Rh1 74. Qa5# 1-0

[Event "GBR-ch90"]
[Site "Edinburgh"]
[Date "2003.08.01"]
[Round "11.23"]
[White "Hunt, Adam C"]
[Black "Mitchell, Martin"]
[Result "1-0"]
[WhiteElo "2395"]
[BlackElo "2132"]
[PlyCount "137"]
[EventDate "2003.07.21"]
[EventType "swiss"]
[EventRounds "11"]
[EventCountry "GBR"]
[SourceTitle "BritBase"]
[Source "John Saunders"]
[SourceDate "2008.07.14"]
[SourceVersion "1"]
[SourceVersionDate "2008.07.14"]
[SourceQuality "2"]

1. e4 c5 2. Nf3 Nc6 3. d4 cxd4 4. Nxd4 Nf6 5. Nc3 e5 6. Ndb5 d6 7. Bg5 a6 8.
Na3 b5 9. Bxf6 gxf6 10. Nd5 f5 11. c3 Bg7 12. exf5 Bxf5 13. Nc2 O-O 14. Nce3
Be6 15. g3 f5 16. Bg2 e4 17. Nf4 Qd7 18. Ned5 Rad8 19. f3 exf3 20. Qxf3 b4 21.
O-O bxc3 22. bxc3 Ne5 23. Qf2 Kh8 24. Qb6 Ng6 25. Nxe6 Qxe6 26. Qxa6 f4 27.
Rae1 Qg4 28. Qe2 Qg5 29. Qd2 Be5 30. Re4 Qh6 31. Nxf4 Nxf4 32. gxf4 Rg8 33. Rf2
Rb8 34. Rb4 Bg7 35. Kh1 Qf6 36. Rf3 Qe6 37. Rg3 Rge8 38. Rxb8 Rxb8 39. Bd5 Rb1+
40. Rg1 Rxg1+ 41. Kxg1 Qf6 42. c4 Bh6 43. a4 Bxf4 44. Qe1 Be5 45. Kh1 Bc3 46.
Qg1 Qg7 47. Qb1 Qe5 48. a5 Kg7 49. a6 Bd4 50. a7 Bxa7 51. Qb7+ Kh6 52. Qxa7
Qe1+ 53. Qg1 Qe2 54. Qc1+ Kg6 55. Bg2 h5 56. Qf1 Qe3 57. Qg1 Qf4 58. h3 Kh6 59.
Qf1 Qe5 60. Bd5 Kg5 61. Kg2 Qe3 62. Qf2 Qe7 63. Qg3+ Kh6 64. Qf4+ Kg7 65. Kf3
Qd8 66. Qf7+ Kh6 67. Be4 Kg5 68. Qg6+ Kh4 69. Qg3# 1-0

[Event "GBR-ch90"]
[Site "Edinburgh"]
[Date "2003.08.01"]
[Round "11.25"]
[White "Gourlay, Iain"]
[Black "Ramaswamy, Aarthie"]
[Result "1/2-1/2"]
[WhiteElo "2284"]
[BlackElo "2316"]
[PlyCount "31"]
[EventDate "2003.07.21"]
[EventType "swiss"]
[EventRounds "11"]
[EventCountry "GBR"]
[SourceTitle "BritBase"]
[Source "John Saunders"]
[SourceDate "2008.07.14"]
[SourceVersion "1"]
[SourceVersionDate "2008.07.14"]
[SourceQuality "2"]

1. Nf3 Nf6 2. g3 g6 3. Bg2 Bg7 4. O-O O-O 5. c4 d6 6. Nc3 e5 7. d3 Nc6 8. Rb1
a5 9. a3 h6 10. b4 axb4 11. axb4 Be6 12. b5 Ne7 13. Qc2 Qd7 14. Rd1 Bh3 15. Bh1
Qe6 16. Nd2 1/2-1/2

[Event "GBR-ch90"]
[Site "Edinburgh"]
[Date "2003.08.01"]
[Round "11.26"]
[White "Lyell, Mark"]
[Black "Pritchett, Craig"]
[Result "1-0"]
[WhiteElo "2256"]
[BlackElo "2314"]
[PlyCount "62"]
[EventDate "2003.07.21"]
[EventType "swiss"]
[EventRounds "11"]
[EventCountry "GBR"]
[SourceTitle "BritBase"]
[Source "John Saunders"]
[SourceDate "2008.07.14"]
[SourceVersion "1"]
[SourceVersionDate "2008.07.14"]
[SourceQuality "2"]

1. e4 c5 2. b3 Nc6 3. Bb2 e6 4. Nf3 a6 5. g3 d5 6. e5 f5 7. Bg2 Nh6 8. O-O Be7
9. d4 O-O 10. Nbd2 b5 11. c4 bxc4 12. bxc4 Rb8 13. cxd5 exd5 14. Ba3 c4 15.
Bxe7 Nxe7 16. Rb1 Rxb1 17. Nxb1 f4 18. Nc3 fxg3 19. fxg3 Ng4 20. Qd2 Bf5 21.
Ng5 h6 22. Nh3 Nxe5 23. dxe5 d4 24. Ne4 c3 25. Qd1 Bxh3 26. Bxh3 Rxf1+ 27. Bxf1
Qc7 28. Qb3+ Kh8 29. Bd3 Qxe5 30. Qf7 Ng8 31. Qg6 Qb8 1-0

[Event "GBR-ch90"]
[Site "Edinburgh"]
[Date "2003.08.01"]
[Round "11.28"]
[White "Anderton, Matthew N"]
[Black "Woodward, Timothy"]
[Result "0-1"]
[WhiteElo "2237"]
[BlackElo "2285"]
[PlyCount "64"]
[EventDate "2003.07.21"]
[EventType "swiss"]
[EventRounds "11"]
[EventCountry "GBR"]
[SourceTitle "BritBase"]
[Source "John Saunders"]
[SourceDate "2008.07.14"]
[SourceVersion "1"]
[SourceVersionDate "2008.07.14"]
[SourceQuality "2"]

1. e4 c6 2. d4 d5 3. exd5 cxd5 4. c4 Nf6 5. Nc3 Nc6 6. Nf3 Bg4 7. cxd5 Nxd5 8.
Qb3 Bxf3 9. gxf3 Nb6 10. Be3 e6 11. Rg1 g6 12. d5 exd5 13. O-O-O Be7 14. Nxd5
Nxd5 15. Rxd5 Qc7 16. Kb1 O-O 17. f4 Rad8 18. Bg2 Bf6 19. Rc1 Rxd5 20. Bxd5 Rd8
21. Qc4 Qd7 22. Bxc6 bxc6 23. Qxc6 Qf5+ 24. Ka1 Rb8 25. Rc2 Qd3 26. Bc1 Kg7 27.
Qc4 Qd1 28. Rd2 Qe1 29. a3 Rb6 30. Ka2 Qxd2 31. Bxd2 Rxb2+ 32. Ka1 Rc2+ 0-1

[Event "GBR-ch90"]
[Site "Edinburgh"]
[Date "2003.08.01"]
[Round "11.29"]
[White "Meenakshi, Subbaraman"]
[Black "Adams, David M"]
[Result "1-0"]
[WhiteElo "2319"]
[BlackElo "2172"]
[PlyCount "105"]
[EventDate "2003.07.21"]
[EventType "swiss"]
[EventRounds "11"]
[EventCountry "GBR"]
[SourceTitle "BritBase"]
[Source "John Saunders"]
[SourceDate "2008.07.14"]
[SourceVersion "1"]
[SourceVersionDate "2008.07.14"]
[SourceQuality "2"]

1. d4 d5 2. c4 c6 3. Nf3 Nf6 4. Nc3 a6 5. cxd5 cxd5 6. Bf4 Nc6 7. e3 Qb6 8. Qb3
Qxb3 9. axb3 e6 10. Be2 Ne4 11. O-O Bb4 12. Rfc1 O-O 13. Nxe4 dxe4 14. Ng5 f5
15. Bc4 Na5 16. Bxe6+ Bxe6 17. Nxe6 Nxb3 18. Nxf8 Nxc1 19. Rxc1 Rxf8 20. Kf1
Re8 21. Ke2 Re7 22. f3 Kf7 23. Bg5 Rd7 24. fxe4 fxe4 25. Rf1+ Ke6 26. Rf4 Bd6
27. Rf1 Bxh2 28. Rh1 Rd5 29. Bh4 Bd6 30. Be1 Rg5 31. Kf1 h5 32. Rh4 Kd5 33. Rh1
Kc4 34. Bf2 b5 35. g3 a5 36. Ke2 Kb3 37. Rh4 Kxb2 38. Rxe4 a4 39. Re6 Bb4 40.
e4 a3 41. d5 a2 42. Ra6 Bc3 43. Kd3 b4 44. d6 a1=Q 45. Rxa1 Kxa1 46. d7 Bf6 47.
Bd4+ Bxd4 48. Kxd4 b3 49. d8=Q Rg4 50. Qa5+ Kb1 51. Qxh5 Rxg3 52. Qh2 Rg6 53.
Kc3 1-0

[Event "GBR-ch90"]
[Site "Edinburgh"]
[Date "2003.08.01"]
[Round "11.30"]
[White "Swathi, Ghate"]
[Black "Williams, Samuel G"]
[Result "1/2-1/2"]
[WhiteElo "2299"]
[BlackElo "2150"]
[PlyCount "44"]
[EventDate "2003.07.21"]
[EventType "swiss"]
[EventRounds "11"]
[EventCountry "GBR"]
[SourceTitle "BritBase"]
[Source "John Saunders"]
[SourceDate "2008.07.14"]
[SourceVersion "1"]
[SourceVersionDate "2008.07.14"]
[SourceQuality "2"]

1. e4 e5 2. Nf3 Nf6 3. Nxe5 d6 4. Nf3 Nxe4 5. Nc3 Nxc3 6. dxc3 Be7 7. Bf4 Bf6
8. Qd2 O-O 9. O-O-O Be6 10. Kb1 Nd7 11. Nd4 Re8 12. f3 Ne5 13. g4 h6 14. Bg3
Bd5 15. Be2 c6 16. h4 Qa5 17. a3 Nxg4 18. Nf5 Ne5 19. Rdg1 Nxf3 20. Nxh6+ Kh7
21. Bd3+ Kh8 22. Qf4 Nxg1 1/2-1/2

[Event "GBR-ch90"]
[Site "Edinburgh"]
[Date "2003.08.01"]
[Round "11.31"]
[White "Eggleston, David"]
[Black "Grant, Jonathan"]
[Result "0-1"]
[WhiteElo "2094"]
[BlackElo "2271"]
[PlyCount "82"]
[EventDate "2003.07.21"]
[EventType "swiss"]
[EventRounds "11"]
[EventCountry "GBR"]
[SourceTitle "BritBase"]
[Source "John Saunders"]
[SourceDate "2008.07.14"]
[SourceVersion "1"]
[SourceVersionDate "2008.07.14"]
[SourceQuality "2"]

1. e4 c6 2. d4 d5 3. exd5 cxd5 4. c3 Bf5 5. Qb3 Qd7 6. Bb5 Nc6 7. Nf3 e6 8. Ne5
Qc7 9. Qa4 Nge7 10. Bf4 Qb6 11. Nd2 a6 12. Ndc4 dxc4 13. Nxc4 Qa7 14. Nd6+ Kd7
15. Bxc6+ bxc6 16. Nxf7 Rg8 17. Ne5+ Ke8 18. g4 Bg6 19. O-O Qb7 20. Rfe1 Bf7
21. c4 g5 22. Bg3 Bg7 23. d5 Bxe5 24. Bxe5 Rd8 25. Rad1 Rd7 26. dxe6 Bxe6 27.
Bd6 Rg6 28. Re4 Bxg4 29. Rxg4 Rdxd6 30. Rxd6 Rxd6 31. c5 Rd5 32. Qc2 Qd7 33. h3
Rd1+ 34. Kh2 Qd5 35. Rg2 Qe5+ 36. Rg3 Qe1 37. Rg2 h5 38. Qc3 Qh1+ 39. Kg3 Nf5+
40. Kf3 Nh4+ 41. Ke2 Qf1+ 0-1

[Event "GBR-ch90"]
[Site "Edinburgh"]
[Date "2003.08.01"]
[Round "11.32"]
[White "Gordon, Stephen J"]
[Black "Martyn, Rafe"]
[Result "1/2-1/2"]
[WhiteElo "2216"]
[BlackElo "2266"]
[PlyCount "102"]
[EventDate "2003.07.21"]
[EventType "swiss"]
[EventRounds "11"]
[EventCountry "GBR"]
[SourceTitle "BritBase"]
[Source "John Saunders"]
[SourceDate "2008.07.14"]
[SourceVersion "1"]
[SourceVersionDate "2008.07.14"]
[SourceQuality "2"]

1. d4 Nf6 2. c4 e6 3. Nc3 Bb4 4. e3 b6 5. Nge2 Ba6 6. a3 Be7 7. Nf4 d5 8. cxd5
Bxf1 9. Kxf1 Nxd5 10. Ncxd5 exd5 11. Qh5 Bg5 12. Ne6 {(=)} g6 13. Qxg5 fxe6 14.
Qe5 Kd7 15. Bd2 Nc6 16. Qg7+ Qe7 17. Qxe7+ Nxe7 18. Ke2 Nf5 19. Rhc1 Rhc8 20.
b4 Nd6 21. a4 Nc4 22. Be1 a5 23. b5 c6 24. bxc6+ Kxc6 25. Rab1 Rab8 26. Rb5 Kb7
27. Rcb1 Ka6 28. R5b3 Nd6 29. Kd3 Rc4 30. f3 Nf5 31. g4 Ne7 32. Bg3 Rb7 33. Ra1
Nc6 34. Rc3 Nb4+ 35. Kd2 Rxc3 36. Kxc3 Rf7 37. Rf1 Rf8 38. Kb3 Rc8 39. Bd6 Rc4
40. f4 b5 41. axb5+ Kxb5 42. f5 gxf5 43. gxf5 a4+ 44. Kb2 Nd3+ 45. Kb1 exf5 46.
Rxf5 Rc1+ 47. Ka2 Rc2+ 48. Ka3 Rc3+ 49. Ka2 Rc2+ 50. Ka3 Rc3+ 51. Ka2 Rc2+
1/2-1/2

[Event "GBR-ch90"]
[Site "Edinburgh"]
[Date "2003.08.01"]
[Round "11.33"]
[White "Nixon, Thomas"]
[Black "Karavade, Eesha"]
[Result "1/2-1/2"]
[WhiteElo "2226"]
[BlackElo "2218"]
[PlyCount "71"]
[EventDate "2003.07.21"]
[EventType "swiss"]
[EventRounds "11"]
[EventCountry "GBR"]
[SourceTitle "BritBase"]
[Source "John Saunders"]
[SourceDate "2008.07.14"]
[SourceVersion "1"]
[SourceVersionDate "2008.07.14"]
[SourceQuality "2"]

1. d4 Nf6 2. c4 g6 3. Nc3 d5 4. Nf3 Bg7 5. Bf4 O-O 6. Be5 dxc4 7. e3 c5 8. Bxc4
Nc6 9. Bxf6 Bxf6 10. Ne4 Qa5+ 11. Qd2 Qxd2+ 12. Kxd2 cxd4 13. Nxf6+ exf6 14.
Nxd4 Rd8 15. Kc3 Nxd4 16. exd4 Bf5 17. b3 Rac8 18. a4 b6 19. Rhd1 Rd6 20. Rac1
Rcd8 21. Rd2 Be6 22. f3 Bd5 23. Ra1 Rc8 {(=)} 24. Kd3 Rcd8 25. Kc3 Rc8 26. Kd3
Rcd8 27. Bxd5 Rxd5 28. Kc4 a6 29. a5 bxa5 30. b4 axb4 31. Rxa6 b3 32. Rxf6 R5d7
33. Rb6 Kf8 34. Rxb3 Ke7 35. d5 Rc7+ 36. Kd4 1/2-1/2

[Event "GBR-ch90"]
[Site "Edinburgh"]
[Date "2003.08.01"]
[Round "11.34"]
[White "Rutherford, Elaine"]
[Black "Lee, Graham D"]
[Result "0-1"]
[WhiteElo "2061"]
[BlackElo "2360"]
[PlyCount "94"]
[EventDate "2003.07.21"]
[EventType "swiss"]
[EventRounds "11"]
[EventCountry "GBR"]
[SourceTitle "BritBase"]
[Source "John Saunders"]
[SourceDate "2008.07.14"]
[SourceVersion "1"]
[SourceVersionDate "2008.07.14"]
[SourceQuality "2"]

1. e4 c6 2. d4 d5 3. Nd2 dxe4 4. Nxe4 Nd7 5. Bc4 Ngf6 6. Nxf6+ Nxf6 7. c3 Nd5
8. Nf3 Bg4 9. h3 Bh5 10. g4 Bg6 11. Ne5 Nb6 12. Bb3 Nd7 13. Qe2 Nxe5 14. Qxe5
h5 15. f4 f6 16. Qe2 hxg4 17. Qxg4 Bh5 18. Qh4 g6 19. Rg1 Bh6 20. f5 Bxc1 21.
fxg6 Bxb2 22. g7 Bxc3+ 23. Kf1 Be2+ 24. Kxe2 Rxh4 25. g8=Q+ Kd7 26. Be6+ Kc7
27. Qg3+ Qd6 28. Qxh4 Qxe6+ 29. Kd3 Bxa1 30. Rxa1 Qf5+ 31. Ke3 Qg5+ 32. Qf4+
Qxf4+ 33. Kxf4 Rd8 34. h4 Rxd4+ 35. Kg3 Rd8 36. h5 Rh8 37. Kh4 c5 38. Kg4 c4
39. Re1 Kd6 40. a4 e5 41. Rf1 Rh6 42. Rd1+ Kc6 43. Rd8 Kc5 44. Rd7 b5 45. a5 a6
46. Ra7 Kb4 47. Rxa6 f5+ 0-1

[Event "GBR-ch90"]
[Site "Edinburgh"]
[Date "2003.08.01"]
[Round "11.36"]
[White "Goodger, Martyn"]
[Black "Thomas, Nicholas"]
[Result "1-0"]
[WhiteElo "2114"]
[BlackElo "2281"]
[PlyCount "91"]
[EventDate "2003.07.21"]
[EventType "swiss"]
[EventRounds "11"]
[EventCountry "GBR"]
[SourceTitle "BritBase"]
[Source "John Saunders"]
[SourceDate "2008.07.14"]
[SourceVersion "1"]
[SourceVersionDate "2008.07.14"]
[SourceQuality "2"]

1. e4 e6 2. d4 d5 3. Nc3 Bb4 4. e5 c5 5. Bd2 Ne7 6. a3 Bxc3 7. Bxc3 Nbc6 8. Nf3
cxd4 9. Nxd4 Nxe5 10. Nxe6 Bxe6 11. Bxe5 Nc6 12. Bg3 h5 13. h4 Qf6 14. Be2 Qxb2
15. O-O Qf6 16. Rb1 Qe7 17. Re1 O-O 18. Bxh5 Qxa3 19. Rxb7 Qa4 20. Qd2 Qa5 21.
Qd1 Qa4 22. Qd2 Qa5 23. Qd1 Qa6 24. Qb1 d4 25. Bf3 Rac8 26. h5 Bf5 27. Bd5 Bxc2
28. Qb2 d3 29. h6 gxh6 30. Re4 h5 31. Qf6 Qa1+ 32. Qxa1 d2 33. Rb1 Rcd8 34.
Bxc6 Bxb1 35. Qxb1 d1=Q+ 36. Qxd1 Rxd1+ 37. Kh2 Rc8 38. Ba4 Ra1 39. Bb3 Rcc1
40. Bf4 Ra3 41. Re8+ Kg7 42. Be5+ Kg6 43. Bb2 Rxb3 44. Bxc1 a6 45. Re5 Rc3 46.
Rg5+ 1-0

[Event "GBR-ch90"]
[Site "Edinburgh"]
[Date "2003.08.01"]
[Round "11.37"]
[White "Addison, Bret C"]
[Black "McEwan, Ken B"]
[Result "1-0"]
[WhiteElo "2251"]
[BlackElo "2190"]
[PlyCount "59"]
[EventDate "2003.07.21"]
[EventType "swiss"]
[EventRounds "11"]
[EventCountry "GBR"]
[SourceTitle "BritBase"]
[Source "John Saunders"]
[SourceDate "2008.07.14"]
[SourceVersion "1"]
[SourceVersionDate "2008.07.14"]
[SourceQuality "2"]

1. d4 Nf6 2. c4 e6 3. Nc3 Bb4 4. a3 Bxc3+ 5. bxc3 b6 6. f3 d5 7. cxd5 exd5 8.
e3 O-O 9. Bd3 Re8 10. Ne2 Bb7 11. O-O Nbd7 12. Ng3 c5 13. Ra2 Rc8 14. Re2 cxd4
15. cxd4 Nf8 16. Bb2 Ng6 17. Qd2 Qc7 18. Ree1 h5 19. a4 h4 20. Nf5 Qd7 21. a5
b5 22. Qf2 h3 23. g4 Ne7 24. Qh4 g6 25. Qxf6 gxf5 26. gxf5 Qc6 27. Qg5+ Kh8 28.
Kh1 Rg8 29. Qh4+ Kg7 30. Qxe7 1-0